000 00639nam a2200217Ia 4500
003 GCL
008 140319s9999 xx 000 0 ara d
040 _aGCL /
_cGCL
082 0 4 _a372.7
_bن د
100 1 _aنظلة حسن احمد خضر
245 1 0 _aدراسات تربوية رائدة فى الرياضيات /
_cنظلة حسن احمد خضر
260 _a[S.N] :
_bعالم الكتب الحديث ،
_c1984
300 _a263 ص
490 _a
650 0 4 _aطرق التدريس
650 0 4 _aالتعليم
650 0 4 _aالرياضيات
650 0 4 _aتدريب
650 0 4 _aالمدرسون
942 _2ddc
_cBK
999 _c32651
_d32651